LIBRARY & INFORMATION CENTRE, KCAET, TAVANUR

ONLINE PUBLIC ACCESS CATALOGUE (OPAC)

Advanced graphics programming in C and C++ / (Record no. 9585)

MARC details
000 -LEADER
fixed length control field 00538cam a2200205ua 4500
020 ## - INTERNATIONAL STANDARD BOOK NUMBER
ISBN 81-7029-228-X
041 ## - LANGUAGE CODE
Language code of text/sound track or separate title eng
082 ## - DEWEY DECIMAL CLASSIFICATION NUMBER
Classification number 006.66
Item number STE/AD
100 ## - MAIN ENTRY--AUTHOR NAME
Personal name Stevens, Roger T .
245 ## - TITLE STATEMENT
Title Advanced graphics programming in C and C++ /
250 ## - EDITION STATEMENT
Edition statement 1 /
260 ## - PUBLICATION, DISTRIBUTION, ETC. (IMPRINT)
Place of publication New Delhi :
Name of publisher B P B Publishers ,
Year of publication 1993.
300 ## - PHYSICAL DESCRIPTION
Number of Pages 542 ; .
500 ## - GENERAL NOTE
General note *CSS
700 1# - ADDED ENTRY--PERSONAL NAME
Personal name Watkins, Christopher D .
942 ## - ADDED ENTRY ELEMENTS (KOHA)
Koha item type Books
Holdings
Withdrawn status Lost status Damaged status Home library Current library Shelving location Date acquired Full call number Accession Number Koha item type
      KAUAET KAUAET Scheme 23/07/2018 006.66 STE/AD 20470 Book Bank scheme for SC students
free website counter